Statistics for World Capitals by 1M City Proximity on the World Map in 2 Minutes

Click here to take the quiz!

General Stats

  • This quiz has been taken 1,429 times
  • The average score is 103 of 200

Answer Stats

Capital % Correct
Paris
92%
Luxembourg
92%
Bern
91%
Brussels
89%
Vaduz
89%
Monaco
88%
Amsterdam
88%
London
88%
San Marino
87%
Rome
86%
Andorra la Vella
86%
Madrid
86%
Vatican City
86%
Ljubljana
85%
Washington
84%
Zagreb
84%
Vienna
83%
Bratislava
83%
Ottawa
82%
Seoul
80%
Prague
80%
Belgrade
80%
Berlin
80%
Pyongyang
79%
Budapest
79%
Sarajevo
78%
Tunis
78%
Tirana
77%
Podgorica
77%
Riga
76%
Tallinn
75%
Copenhagen
75%
Helsinki
75%
Stockholm
75%
Nicosia
75%
Beirut
75%
Cotonou
73%
Minsk
73%
Porto-Novo
73%
Athens
73%
Moscow
72%
Algiers
72%
Pristina
72%
Vilnius
72%
Brasília
71%
Malabo
71%
Abuja
71%
Lomé
71%
Yaoundé
71%
Dublin
71%
Taipei
71%
Conakry
70%
Ouagadougou
70%
Yamoussoukro
70%
Bissau
70%
Freetown
70%
Bamako
70%
Monrovia
70%
Banjul
70%
Accra
70%
Tripoli
69%
Ankara
69%
Niamey
69%
Tokyo
69%
Skopje
67%
Sofia
67%
Sao Tome
66%
Libreville
66%
Riyadh
65%
Rabat
64%
Nuku'alofa
64%
Bucharest
64%
Lisbon
64%
Canberra
64%
Port Vila
64%
Sana'a
64%
Wellington
64%
Suva
64%
Chisinau
64%
Honiara
64%
Funafuti
62%
Apia
62%
Warsaw
60%
Khartoum
58%
Mogadishu
58%
Addis Ababa
57%
Havana
56%
Port Moresby
55%
Yaren
55%
Nassau
54%
Mexico City
54%
Moroni
53%
Antananarivo
53%
Tarawa
53%
Lusaka
53%
Harare
53%
Port Louis
53%
Lilongwe
53%
Reykjavik
53%
Muscat
52%
Valletta
52%
Jerusalem
52%
Amman
52%
Bogotá
52%
Johannesburg
51%
Nairobi
51%
Damascus
51%
Bloemfontein
51%
Gaborone
51%
Mbabane
51%
Maseru
51%
Maputo
51%
Juba
50%
Kuwait City
50%
Kingston
48%
Djibouti
47%
Lima
47%
Cairo
47%
Quito
46%
Panama City
45%
Manama
45%
Dhaka
45%
Kathmandu
45%
Abu Dhabi
44%
Asmara
44%
Naypyidaw
44%
Doha
44%
Dodoma
43%
San José
43%
Kampala
43%
Kigali
43%
Bujumbura
43%
Bandar Seri Begawan
41%
Thimphu
40%
Victoria
40%
Oslo
39%
Windhoek
38%
Cape Town
38%
Managua
37%
Phnom Penh
36%
Bangkok
36%
Colombo
36%
Hanoi
35%
Vientiane
35%
Dakar
35%
Nouakchott
35%
Praia
35%
Delhi
34%
La Paz
34%
Buenos Aires
34%
Montevideo
32%
Beijing
32%
Santiago
32%
Caracas
32%
Baghdad
32%
Asunción
32%
Sucre
31%
Santo Domingo
31%
Castries
30%
Bridgetown
30%
Basseterre
30%
Roseau
30%
Kingstown
30%
Saint John's
30%
Saint George's
30%
Port-of-Spain
30%
Paramaribo
29%
Jakarta
29%
Georgetown
28%
Port-au-Prince
27%
Astana
26%
Dushanbe
25%
Melekeok
24%
Rawalpindi
24%
Dili
24%
Manila
20%
Kiev
19%
Palikir
19%
San Salvador
18%
Tehran
18%
Tegucigalpa
18%
Guatemala City
18%
Belmopan
18%
N'Djamena
17%
Bishkek
17%
Tashkent
17%
Kabul
17%
Tbilisi
16%
Baku
15%
Ashgabat
15%
Yerevan
14%
Luanda
12%
Singapore
10%
Kuala Lumpur
10%
Brazzaville
9%
Kinshasa
9%
Bangui
8%
Majuro
7%
Male
3%
Ulaanbaatar
2%

Score Distribution

Percentile by Number Answered

Percent of People with Each Score

Your Score History

You have not taken this quiz